<?xml version="1.0" encoding="UTF-8"?>
<record
    xmlns:xsi="http://www.w3.org/2001/XMLSchema-instance"
    xsi:schemaLocation="http://www.loc.gov/MARC21/slim http://www.loc.gov/standards/marcxml/schema/MARC21slim.xsd"
    xmlns="http://www.loc.gov/MARC21/slim">

  <leader>01305nam a22002177a 4500</leader>
  <controlfield tag="003">OSt</controlfield>
  <controlfield tag="005">20230414181939.0</controlfield>
  <controlfield tag="008">230414b           ||||| |||| 00| 0 spa d</controlfield>
  <datafield tag="020" ind1=" " ind2=" ">
    <subfield code="a">9788490703908</subfield>
  </datafield>
  <datafield tag="040" ind1=" " ind2=" ">
    <subfield code="c">CO-MqBPB</subfield>
  </datafield>
  <datafield tag="041" ind1=" " ind2=" ">
    <subfield code="a">spa</subfield>
  </datafield>
  <datafield tag="082" ind1=" " ind2=" ">
    <subfield code="a">JN</subfield>
    <subfield code="b">KIRm</subfield>
  </datafield>
  <datafield tag="100" ind1=" " ind2=" ">
    <subfield code="a">Shannon Kirk.</subfield>
  </datafield>
  <datafield tag="245" ind1=" " ind2=" ">
    <subfield code="a">El M&#xE9;todo 15/33 /</subfield>
    <subfield code="c">Kirk Shannon;  traducci&#xF3;n Mar&#xED;a Jos&#xE9; D&#xED;ez.</subfield>
  </datafield>
  <datafield tag="264" ind1=" " ind2=" ">
    <subfield code="a">Espa&#xF1;a ;</subfield>
    <subfield code="b">B de Bolsillo,</subfield>
    <subfield code="c">2017.</subfield>
  </datafield>
  <datafield tag="300" ind1=" " ind2=" ">
    <subfield code="a">366 paginas;</subfield>
    <subfield code="b">Tapa R&#xFA;stica,</subfield>
    <subfield code="c">20 cm.</subfield>
  </datafield>
  <datafield tag="490" ind1=" " ind2=" ">
    <subfield code="a">1a, edici&#xF3;n.</subfield>
  </datafield>
  <datafield tag="500" ind1=" " ind2=" ">
    <subfield code="a">Imagina a una chica de 16 a&#xF1;os, embarazada e indefensa, que acaba de ser arrancada de la tranquilidad de su hogar y arrojada en el interior de una sucia furgoneta. Secuestrada, sola aterrorizada. Ahora, olv&#xED;date de ella... Imag&#xED;nate, en cambio, a una chica de 16 anos, embarazada y diab&#xF3;licamente inteligente y manipuladora. Desde el primer momento de su secuestro, alimenta cuidados e implacablemente dos &#xFA;nicos deseos: el de salvar a su bebe, y el de vengarse. Es met&#xF3;dica y calculadora, y lo planea todo con mentalidad cient&#xED;fica. No deja nada al azar, mientras espera el momento perfecto para poner en acci&#xF3;n su plan. Porque en este caso, la victima es tan fr&#xED;a como sus secuestradores...</subfield>
  </datafield>
  <datafield tag="650" ind1=" " ind2=" ">
    <subfield code="a">Novela;</subfield>
    <subfield code="x">Ficci&#xF3;n Sobre Cr&#xED;menes Y Misterios</subfield>
  </datafield>
  <datafield tag="942" ind1=" " ind2=" ">
    <subfield code="2">ddc</subfield>
    <subfield code="c">BKLIT</subfield>
  </datafield>
  <datafield tag="999" ind1=" " ind2=" ">
    <subfield code="c">14889</subfield>
    <subfield code="d">14889</subfield>
  </datafield>
  <datafield tag="952" ind1=" " ind2=" ">
    <subfield code="0">0</subfield>
    <subfield code="1">0</subfield>
    <subfield code="2">ddc</subfield>
    <subfield code="4">0</subfield>
    <subfield code="7">0</subfield>
    <subfield code="8">LJ</subfield>
    <subfield code="a">BPMOS</subfield>
    <subfield code="b">BPMOS</subfield>
    <subfield code="c">FIC</subfield>
    <subfield code="d">2023-04-14</subfield>
    <subfield code="e">Donaci&#xF3;n</subfield>
    <subfield code="l">1</subfield>
    <subfield code="o">JN KIRm</subfield>
    <subfield code="p">MOS503121</subfield>
    <subfield code="q">2023-05-27</subfield>
    <subfield code="r">2023-05-11</subfield>
    <subfield code="s">2023-05-11</subfield>
    <subfield code="t">Ej. 1</subfield>
    <subfield code="w">2023-04-14</subfield>
    <subfield code="y">BKLIT</subfield>
    <subfield code="z">Quince d&#xED;as</subfield>
  </datafield>
</record>
